Introduction to the mathematics of population / (Record no. 35505)
[ view plain ]
| 000 -LEADER | |
|---|---|
| fixed length control field | 00902nam a22002891 4500 |
| 001 - CONTROL NUMBER | |
| control field | 35505 |
| 003 - CONTROL NUMBER IDENTIFIER | |
| rucl marc code | BD-RjUL |
| 005 - DATE AND TIME OF LATEST TRANSACTION | |
| control field | 20211209052332.0 |
| 008 - FIXED-LENGTH DATA ELEMENTS--GENERAL INFORMATION | |
| fixed length control field | 140526s1968 maua b 001 0 eng |
| 020 ## - INTERNATIONAL STANDARD BOOK NUMBER | |
| International Standard Book Number | 0201036843 |
| 035 ## - SYSTEM CONTROL NUMBER | |
| System control number | (BD-RjUL)35599 |
| 040 ## - CATALOGING SOURCE | |
| Original cataloging agency | DLC |
| Transcribing agency | DLC |
| Modifying agency | BD-RjUL |
| Language of cataloging | eng |
| 041 ## - LANGUAGE CODE | |
| Language code of text/sound track or separate title | eng |
| 082 00 - DEWEY DECIMAL CLASSIFICATION NUMBER | |
| Classification number | 519.5 |
| Author mark and year | KEI 1968 |
| 100 1# - MAIN ENTRY--PERSONAL NAME | |
| Personal name | Keyfitz, Nathan, |
| Dates associated with a name | 1913- |
| 9 (RLIN) | 108046 |
| 245 10 - TITLE STATEMENT | |
| Title | Introduction to the mathematics of population / |
| Statement of responsibility, etc. | Nathan Keyfitz. |
| 260 ## - PUBLICATION, DISTRIBUTION, ETC. (IMPRINT) | |
| Place of publication, distribution, etc. | Reading, Mass. : |
| Name of publisher, distributor, etc. | Addison-Wesley Pub. Co., |
| Date of publication, distribution, etc. | c1968. |
| 300 ## - PHYSICAL DESCRIPTION | |
| Pagination | xiv, 450 p. : |
| Illustrations | illus. ; |
| Size | 25 cm. |
| 490 0# - SERIES STATEMENT | |
| Series statement | Addison-Wesley series in behavioral science: quantitative methods |
| 504 ## - BIBLIOGRAPHY, ETC. NOTE | |
| Bibliography, etc | Bibliography: p. 413-431. |
| Bibliography, etc | Includes index. |
| 650 #0 - SUBJECT ADDED ENTRY--TOPICAL TERM | |
| Topical term or geographic name as entry element | Demography |
| General subdivision | Mathematical models. |
| 9 (RLIN) | 108100 |
| 942 ## - ADDED ENTRY ELEMENTS (KOHA) | |
| Source of classification or shelving scheme | Dewey Decimal Classification |
| Koha item type | Books |
| Lost status | Source of classification or shelving scheme | Damaged status | Not for loan | Collection code | Permanent Location | Current Location | Shelving location | Date acquired | Source of acquisition | Cost, normal purchase price | Total Checkouts | Full call number | Date last seen | Copy number | Koha item type | Date checked out |
|---|---|---|---|---|---|---|---|---|---|---|---|---|---|---|---|---|
| Dewey Decimal Classification | Non-fiction | Central Library, University of Rajshahi | Central Library, University of Rajshahi | 03/04/1977 | W. Heffers and Sons | 11.20 | 519.5 KEI 1968 | 26/05/2014 | C-5 | Books | ||||||
| Dewey Decimal Classification | Non-fiction | Central Library, University of Rajshahi | Central Library, University of Rajshahi | 13/04/1977 | W.Helfers and Son | 11.20 | 519.5 KEI 1968 | 29/05/2014 | C-4 | Books | ||||||
| Dewey Decimal Classification | Non-fiction | Central Library, University of Rajshahi | Central Library, University of Rajshahi | 12/06/2014 | HEALTH & WEALTH | 519.5 KEI 1968 | 12/06/2014 | C-3 | Books | |||||||
| Dewey Decimal Classification | Non-fiction | Central Library, University of Rajshahi | Central Library, University of Rajshahi | 13/04/1977 | Heffer and Sons | 11.20 | 1 | 519.5 KEI 1968 | 14/02/2022 | C-2 | Books | 13/02/2022 | ||||
| Dewey Decimal Classification | Not For Loan | Non-fiction | Central Library, University of Rajshahi | Central Library, University of Rajshahi | Reading Room | 13/04/1977 | W. Heffers & Sons. | 11.20 | 519.5 KEI 1968 | 11/04/2017 | C-1 | Books |